000 00468nam a2200169Ia 4500
005 20240528055600.0
008 240331s9999 xx 000 0 und d
020 _a9559102737
082 _bKOt
_a640.554
100 _aKottegoda,Sepali
245 0 _aNegotiating Household Politics :
_bWomen's Strategies in Urban Sri Lanka
260 _aSri Lanka
_bSocial Scientists Association
_c2004
300 _avi, 269 p .,
650 _awoman
650 _aSocial
942 _cL
999 _c5778
_d5778